000 00290nam a2200121Ia 4500
005 20251222144827.0
008 251222s9999||||xx |||||||||||||| ||spa||
020 _a9972-738-00-0
082 _a362.985/L39
245 0 _aRégimen Peruano de Seguridad Social
264 _bLegis
942 _cLIB
999 _c20720
_d20720